Sociálno-ekonomické informácie v lesnom hospodárstve

Salvato in:
Dettagli Bibliografici
Autore principale: Lukáč, Andrej
Altri autori: Tesař, Stanislav
Natura: Libro
Lingua:slovacco
Pubblicazione: Bratislava Príroda 1989
Edizione:1. vyd.
Serie:Lesníctvo
Tags: Aggiungi Tag
Nessun Tag, puoi essere il primo ad aggiungerne!!

MARC

LEADER 00000nam a2200000 4500
001 c030024
005 20250217095020.1
041 0 |a slo 
044 |a SK 
245 1 0 |a Sociálno-ekonomické informácie v lesnom hospodárstve  |c Andrej Lukáč, Stanislav Tesař 
250 |a 1. vyd. 
264 1 |a Bratislava  |b Príroda  |c 1989 
300 |a 178 s. 
490 1 |a Lesníctvo 
830 0 |a Lesníctvo 
100 1 |a Lukáč, Andrej 
700 1 |a Tesař, Stanislav